000 00978nam a2200229 a 4500
001 70977
003 BD-RjUL
005 20211209082050.0
008 170423s1963 bg |||| |||| 000 0 ben d
020 _c: Tk. 2.50
035 _a(BD-RjUL)71191
040 _aBD-RjUL
_bben
_cBD-RjUL
_dBD-RjUL
041 _aben
082 _223
_a630.7
_bKHK 1963
100 1 _aখাঁ, মুহাম্মদ ছমিরুদ্দীন
_9210029
245 1 0 _aখাদ্যের সন্ধানে :
_bখাদ্য, কৃষি, শিল্প ও সমাজোন্নয়মূলক বিবিধ প্রবন্ধ /
_cমুহাম্মদ ছমিরুদ্দীন খাঁ
260 _aঢাকা :
_bখামার প্রকাশনী,
_c১৯৬৩ [১৩৭০]
300 _a১০৩ পৃ. ;
_c২৬ সেমি.
650 _aকৃষি গবেষণা
_9210030
650 _aAgriculture research
_9210031
942 _2ddc
_cBK
999 _c70977
_d70977